[Event "RC-2021-0-00250"]
[Site "LSS email"]
[Date "2021.01.09"]
[Round "?"]
[White "Brayman, Neal Zvi"]
[Black "Vitello, Gabry"]
[Result "1/2-1/2"]
[WhiteElo "1702"]
[BlackElo "1613"]
[PlyCount "41"]
[EventDate "2020.09.26"]
[EventType "tourn (corr)"]
[EventRounds "6"]
[EventCountry "GER"]
[SourceTitle "Corr 2022"]
[Source "ChessBase"]
[SourceDate "2021.10.24"]
[SourceVersion "1"]
[SourceVersionDate "2021.10.24"]
[SourceQuality "1"]

1. e4 e6 2. d4 d5 3. Nd2 dxe4 4. Nxe4 Nd7 5. Nf3 Ngf6 6. Bd3 Nxe4 7. Bxe4 Nf6 8. Bd3 c5 9. Be3 Qc7 10. Qe2 Bd6 11. 0-0-0 Bd7 12. Kb1 0-0 13. h4 Rac8 14. dxc5 Bxc5 15. h5 Bxe3 16. Qxe3 h6 17. Ne5 Nd5 18. Qe4 Nf6 19. Qf4 Bc6 20. Rh4 Rfd8 21. Qe3 1/2-1/2

[Event "RC-2021-0-00250"]
[Site "LSS email"]
[Date "2021.01.08"]
[Round "?"]
[White "Brayman, Neal Zvi"]
[Black "Langheld, Werner"]
[Result "1/2-1/2"]
[WhiteElo "1702"]
[BlackElo "1652"]
[PlyCount "75"]
[EventDate "2020.09.26"]
[EventType "tourn (corr)"]
[EventRounds "6"]
[EventCountry "GER"]
[SourceTitle "Corr 2022"]
[Source "ChessBase"]
[SourceDate "2021.10.24"]
[SourceVersion "1"]
[SourceVersionDate "2021.10.24"]
[SourceQuality "1"]

1. e4 d5 2. exd5 Qxd5 3. Nc3 Qa5 4. d4 Nf6 5. Nf3 Bf5 6. Ne5 c6 7. Bf4 Nbd7 8. Nc4 Qd8 9. Ne3 Bg6 10. d5 e5 11. dxe6 fxe6 12. Bd3 Bh5 13. g4 Bf7 14. Qe2 Bb4 15. 0-0 0-0 16. Bg3 Bxc3 17. bxc3 Nc5 18. Nc4 Na4 19. Nd6 Nxc3 20. Qe5 Ncd5 21. Rab1 Nd7 22. Qe4 g6 23. Nxb7 Qf6 24. Nd6 e5 25. Nxf7 Rxf7 26. Bc4 N7b6 27. Bb3 Re7 28. Rfe1 Rae8 29. Re3 Re6 30. Rf3 Qe7 31. a4 a5 32. h4 Qc5 33. Rd1 Qe7 34. g5 Kg7 35. Kg2 Kh8 36. Bh2 Kg8 37. Rd2 Kg7 38. Bg3 1/2-1/2

[Event "RC-2020-0-00248"]
[Site "LSS email"]
[Date "2020.10.13"]
[Round "?"]
[White "Farr, Dorota"]
[Black "Brayman, Neal Zvi"]
[Result "0-1"]
[WhiteElo "1608"]
[BlackElo "1700"]
[PlyCount "82"]
[EventDate "2020.08.11"]
[EventType "tourn (corr)"]
[EventRounds "6"]
[EventCountry "GER"]
[SourceTitle "Corr 2022"]
[Source "ChessBase"]
[SourceDate "2021.10.24"]
[SourceVersion "1"]
[SourceVersionDate "2021.10.24"]
[SourceQuality "1"]

1. d4 d5 2. e4 dxe4 3. Nc3 Nf6 4. f3 exf3 5. Nxf3 g6 6. Bc4 Bg7 7. Bg5 0-0 8. 0-0 Nc6 9. Ne2 Ne4 10. Bf4 Nd6 11. Bb3 Bg4 12. c3 Bxf3 13. Rxf3 e5 14. dxe5 Nxe5 15. Rf1 Re8 16. Kh1 Qe7 17. Ng1 Rad8 18. Qd5 c6 19. Qd2 Ne4 20. Qe2 Nd3 21. Rad1 Ndc5 22. Rxd8 Rxd8 23. Bc2 Re8 24. Qf3 f5 25. g4 fxg4 26. Qxg4 Qf7 27. b4 Nf6 28. Qg2 Nce4 29. Bb3 Nd5 30. Bd2 Qd7 31. c4 Ndf6 32. Nf3 c5 33. bxc5 Nxc5 34. Bc2 Nd3 35. Ne1 Ne5 36. c5 Kh8 37. Bb3 Qc8 38. Bf4 Nfd7 39. Bxe5 Nxe5 40. Nf3 Nxf3 41. Qxf3 Rf8 0-1

[Event "RC-2020-0-00248"]
[Site "LSS email"]
[Date "2020.10.12"]
[Round "?"]
[White "Brayman, Neal Zvi"]
[Black "Calisir, Cenk"]
[Result "1-0"]
[WhiteElo "1700"]
[BlackElo "1600"]
[PlyCount "29"]
[EventDate "2020.08.11"]
[EventType "tourn (corr)"]
[EventRounds "6"]
[EventCountry "GER"]
[SourceTitle "Corr 2022"]
[Source "ChessBase"]
[SourceDate "2021.10.24"]
[SourceVersion "1"]
[SourceVersionDate "2021.10.24"]
[SourceQuality "1"]

1. e4 c6 2. d4 d5 3. Nc3 dxe4 4. Nxe4 Bf5 5. Ng3 Bg6 6. N1e2 e6 7. h4 h6 8. Nf4 Bh7 9. Bc4 Nf6 10. 0-0 Bd6 11. c3 0-0 12. Re1 Re8 13. Bd3 Nbd7 14. Qf3 Rc8 15. Bd2 1-0

[Event "RC-2020-0-00248"]
[Site "LSS email"]
[Date "2020.10.12"]
[Round "?"]
[White "Cruz Ramirez, Eliecer"]
[Black "Brayman, Neal Zvi"]
[Result "1-0"]
[WhiteElo "1778"]
[BlackElo "1700"]
[PlyCount "59"]
[EventDate "2020.08.11"]
[EventType "tourn (corr)"]
[EventRounds "6"]
[EventCountry "GER"]
[SourceTitle "Corr 2022"]
[Source "ChessBase"]
[SourceDate "2021.10.24"]
[SourceVersion "1"]
[SourceVersionDate "2021.10.24"]
[SourceQuality "1"]

1. e4 e6 2. d4 d5 3. Nc3 Bb4 4. e5 Ne7 5. a3 Bxc3+ 6. bxc3 c5 7. Qg4 Qc7 8. Qxg7 Rg8 9. Qxh7 cxd4 10. Qd3 Qxe5+ 11. Ne2 dxc3 12. Qxc3 Nbc6 13. h4 d4 14. Qd3 Qh8 15. h5 e5 16. Ng3 Be6 17. Ne4 0-0-0 18. Rb1 Bd5 19. g4 Kb8 20. g5 f5 21. gxf6 Bxe4 22. Qxe4 Qxf6 23. h6 Rgf8 24. Qh4 Qf7 25. h7 Nf5 26. Qh5 Qd5 27. Bd3 e4 28. Rb5 Qe6 29. Be2 Nd6 30. Bg5 1-0

[Event "RC-2020-0-00246"]
[Site "LSS email"]
[Date "2020.09.16"]
[Round "?"]
[White "Ramses, Luis"]
[Black "Brayman, Neal Zvi"]
[Result "1/2-1/2"]
[WhiteElo "1694"]
[BlackElo "1721"]
[PlyCount "109"]
[EventDate "2020.05.30"]
[EventType "tourn (corr)"]
[EventRounds "6"]
[EventCountry "GER"]
[SourceTitle "Corr 2022"]
[Source "ChessBase"]
[SourceDate "2021.10.24"]
[SourceVersion "1"]
[SourceVersionDate "2021.10.24"]
[SourceQuality "1"]

1. d4 d5 2. c4 Nc6 3. Nc3 dxc4 4. Nf3 Nf6 5. e4 Bg4 6. Bxc4 Bxf3 7. gxf3 Qxd4 8. Qb3 Ne5 9. Be2 Qb6 10. Nb5 e6 11. Be3 Bc5 12. Qc3 Bxe3 13. Nxc7+ Ke7 14. fxe3 Rac8 15. Rc1 Rhd8 16. Qxe5 Rd7 17. Qc5+ Qxc5 18. Rxc5 Rdxc7 19. Rxc7+ Rxc7 20. Kd2 e5 21. Bd3 g6 22. Rg1 a6 23. b3 h6 24. a4 Nd7 25. a5 Nb8 26. b4 Nc6 27. Rb1 Kd6 28. h4 Ke7 29. Bc4 f6 30. Kc3 Kf8 31. Rd1 Kg7 32. Kb3 h5 33. Bd5 Ne7 34. Bc4 g5 35. hxg5 fxg5 36. b5 axb5 37. Bxb5 h4 38. Bd7 Nc6 39. Bxc6 Rxc6 40. Rd7+ Kg6 41. Rxb7 h3 42. Rb8 Rc7 43. Rg8+ Rg7 44. Rh8 Rh7 45. Rxh7 Kxh7 46. a6 h2 47. a7 h1Q 48. a8Q Qxf3 49. Qb7+ Kg6 50. Qc6+ Qf6 51. Qc8 Qf7+ 52. Kc3 Qf6 53. Kb3 Qf7+ 54. Kc3 Qf6 55. Kb3 1/2-1/2

[Event "RC-2020-0-00245"]
[Site "LSS email"]
[Date "2020.08.23"]
[Round "?"]
[White "Murawski, Evan"]
[Black "Brayman, Neal Zvi"]
[Result "1-0"]
[WhiteElo "1699"]
[BlackElo "1740"]
[PlyCount "83"]
[EventDate "2020.04.22"]
[EventType "tourn (corr)"]
[EventRounds "6"]
[EventCountry "GER"]
[SourceTitle "Corr 2022"]
[Source "ChessBase"]
[SourceDate "2021.10.24"]
[SourceVersion "1"]
[SourceVersionDate "2021.10.24"]
[SourceQuality "1"]

1. e4 e6 2. d4 d5 3. Nc3 Bb4 4. e5 c5 5. a3 Bxc3+ 6. bxc3 Ne7 7. Qg4 Qc7 8. Qxg7 Rg8 9. Qxh7 cxd4 10. Ne2 Nbc6 11. h4 dxc3 12. f4 Bd7 13. Qd3 0-0-0 14. h5 Nf5 15. Rb1 d4 16. Rg1 f6 17. g4 Nh6 18. exf6 Rxg4 19. Rxg4 Nxg4 20. Nxd4 Nxd4 21. Qxd4 Bc6 22. Qxc3 Qd7 23. Be2 Qd5 24. Qh3 Nxf6 25. Rb3 Rg8 26. Be3 Qa5+ 27. Rb4 Kd7 28. Bd4 Nd5 29. Qd3 Kc8 30. Qe4 Re8 31. Qe5 Qxa3 32. Rc4 Qc1+ 33. Bd1 Nb6 34. Bxb6 axb6 35. h6 Qa3 36. Rc3 Qa5 37. Be2 Qxe5 38. fxe5 Rh8 39. Rh3 Be4 40. Kd2 Kd7 41. Bd3 Bxd3 42. Kxd3 1-0

[Event "RC-2020-0-00243"]
[Site "LSS email"]
[Date "2020.07.03"]
[Round "?"]
[White "Langheld, Werner"]
[Black "Brayman, Neal Zvi"]
[Result "1/2-1/2"]
[WhiteElo "1748"]
[BlackElo "1724"]
[PlyCount "51"]
[EventDate "2020.02.11"]
[EventType "tourn (corr)"]
[EventRounds "6"]
[EventCountry "GER"]
[SourceTitle "Corr 2022"]
[Source "ChessBase"]
[SourceDate "2021.10.24"]
[SourceVersion "1"]
[SourceVersionDate "2021.10.24"]
[SourceQuality "1"]

1. e4 e6 2. b3 d5 3. Bb2 dxe4 4. Nc3 Nf6 5. g4 Nc6 6. g5 Nd5 7. Nxe4 h6 8. g6 f5 9. Nc3 Nf4 10. Qf3 Nxg6 11. 0-0-0 Bd6 12. Nb5 0-0 13. Nxd6 Qxd6 14. Qg2 e5 15. Nf3 Nf4 16. Qg3 Nd4 17. Bxd4 exd4 18. Rg1 Ne6 19. Qxd6 cxd6 20. Bc4 Kh7 21. Rde1 Rf6 22. Bxe6 Rxe6 23. Nxd4 Rxe1+ 24. Rxe1 Bd7 25. Re7 Rd8 26. Ne6 1/2-1/2

[Event "RC-2020-0-00243"]
[Site "LSS email"]
[Date "2020.06.12"]
[Round "?"]
[White "Brayman, Neal Zvi"]
[Black "Chester, Ian"]
[Result "1-0"]
[WhiteElo "1724"]
[BlackElo "1559"]
[PlyCount "79"]
[EventDate "2020.02.11"]
[EventType "tourn (corr)"]
[EventRounds "6"]
[EventCountry "GER"]
[SourceTitle "Corr 2022"]
[Source "ChessBase"]
[SourceDate "2021.10.24"]
[SourceVersion "1"]
[SourceVersionDate "2021.10.24"]
[SourceQuality "1"]

1. e4 c5 2. Nf3 d6 3. d4 cxd4 4. Nxd4 Nf6 5. Nc3 g6 6. Be3 Bg7 7. f3 0-0 8. Qd2 Nc6 9. 0-0-0 d5 10. Qe1 e5 11. Nxc6 bxc6 12. exd5 Nxd5 13. Bc4 Be6 14. Kb1 a5 15. h4 Rb8 16. Ne4 f5 17. Ng5 Re8 18. b3 a4 19. h5 gxh5 20. Nxe6 Rxe6 21. Rxh5 Nc3+ 22. Kc1 Nd5 23. Rxf5 axb3 24. cxb3 Kh8 25. Qd2 Qh4 26. Bg5 Qh2 27. g4 Qxd2+ 28. Rxd2 e4 29. Bxd5 cxd5 30. Rdxd5 h6 31. Be3 exf3 32. Rxf3 Rc8+ 33. Rc5 Rd8 34. Kc2 Re4 35. Rg3 Be5 36. Rh3 Kg8 37. Rc4 Rxc4+ 38. bxc4 Ra8 39. Rxh6 Rxa2+ 40. Kd3 1-0

[Event "RC-2020-0-00242"]
[Site "LSS email"]
[Date "2020.04.29"]
[Round "?"]
[White "Brayman, Neal Zvi"]
[Black "Laczay, Istvan"]
[Result "1/2-1/2"]
[WhiteElo "1724"]
[BlackElo "1677"]
[PlyCount "53"]
[EventDate "2019.12.23"]
[EventType "tourn (corr)"]
[EventRounds "6"]
[EventCountry "GER"]
[SourceTitle "Corr 2022"]
[Source "ChessBase"]
[SourceDate "2021.10.24"]
[SourceVersion "1"]
[SourceVersionDate "2021.10.24"]
[SourceQuality "1"]

1. e4 c5 2. Nf3 d6 3. d4 cxd4 4. Nxd4 Nf6 5. Nc3 a6 6. Bg5 Nbd7 7. f4 Qb6 8. Qd2 Qxb2 9. Rb1 Qa3 10. Bxf6 Nxf6 11. e5 dxe5 12. fxe5 Ng4 13. Nd5 Qc5 14. Nb3 Qc6 15. Na5 Qd7 16. Nc4 e6 17. Ndb6 Qxd2+ 18. Kxd2 Rb8 19. Be2 Nf2 20. Rhf1 Ne4+ 21. Kd3 Nc5+ 22. Kd4 Nd7 23. Nxc8 Bc5+ 24. Kd3 Rxc8 25. Rxb7 Ke7 26. Rfb1 Rhd8 27. Ke4 1/2-1/2

[Event "RC-2020-0-00241"]
[Site "LSS email"]
[Date "2020.04.03"]
[Round "?"]
[White "Rost, Bernd"]
[Black "Brayman, Neal Zvi"]
[Result "1/2-1/2"]
[WhiteElo "1742"]
[BlackElo "1724"]
[PlyCount "44"]
[EventDate "2019.12.12"]
[EventType "tourn (corr)"]
[EventRounds "6"]
[EventCountry "GER"]
[SourceTitle "Corr 2022"]
[Source "ChessBase"]
[SourceDate "2021.10.24"]
[SourceVersion "1"]
[SourceVersionDate "2021.10.24"]
[SourceQuality "1"]

1. e4 e6 2. d4 d5 3. e5 c5 4. c3 Nc6 5. Nf3 Qb6 6. Na3 cxd4 7. cxd4 Bb4+ 8. Bd2 Bd7 9. Nc2 Bxd2+ 10. Qxd2 f6 11. Bd3 fxe5 12. dxe5 Qxb2 13. 0-0 Nxe5 14. Nxe5 Qxe5 15. Rfe1 Qd6 16. Qg5 g6 17. Nd4 Qe7 18. f4 Qxg5 19. fxg5 Ne7 20. Rab1 b6 21. Nxe6 Rc8 22. a4 Kf7 1/2-1/2

[Event "RC-2017-0-00213"]
[Site "LSS email"]
[Date "2017.10.03"]
[Round "?"]
[White "Brayman, Neal Zvi"]
[Black "Stancl, Vladimir"]
[Result "0-1"]
[WhiteElo "1769"]
[BlackElo "1911"]
[PlyCount "68"]
[EventDate "2017.05.27"]
[EventType "tourn (corr)"]
[EventRounds "6"]
[EventCountry "GER"]
[SourceTitle "Corr 2022"]
[Source "ChessBase"]
[SourceDate "2021.10.24"]
[SourceVersion "1"]
[SourceVersionDate "2021.10.24"]
[SourceQuality "1"]

1. e4 e5 2. Nf3 Nc6 3. Bb5 a6 4. Ba4 b5 5. Bb3 Nf6 6. d4 d6 7. Ng5 d5 8. dxe5 Nxe5 9. exd5 h6 10. Qe2 Bd6 11. f4 hxg5 12. fxe5 Bg4 13. Qe3 0-0 14. 0-0 Re8 15. e6 c5 16. Qxg5 fxe6 17. h3 Be2 18. Rf2 Bh5 19. c3 c4 20. Bc2 exd5 21. Be3 Re5 22. Rf5 Qe7 23. Rxe5 Bxe5 24. Nd2 Re8 25. Re1 Qd6 26. Nf1 b4 27. Bd2 Bf7 28. Kh1 a5 29. a3 b3 30. Bg6 Bxg6 31. Qxg6 Rf8 32. Bc1 Ne4 33. Qxd6 Bxd6 34. Kg1 Nc5 0-1

[Event "RC-2017-0-00213"]
[Site "LSS email"]
[Date "2017.10.02"]
[Round "?"]
[White "Brayman, Neal Zvi"]
[Black "Malmstrom, Jan"]
[Result "1/2-1/2"]
[WhiteElo "1769"]
[BlackElo "1714"]
[PlyCount "39"]
[EventDate "2017.05.27"]
[EventType "tourn (corr)"]
[EventRounds "6"]
[EventCountry "GER"]
[SourceTitle "Corr 2022"]
[Source "ChessBase"]
[SourceDate "2021.10.24"]
[SourceVersion "1"]
[SourceVersionDate "2021.10.24"]
[SourceQuality "1"]

1. e4 e5 2. Nf3 Nc6 3. Bb5 a6 4. Ba4 Nf6 5. 0-0 Nxe4 6. d4 b5 7. Bb3 d5 8. dxe5 Be6 9. Qe2 Be7 10. Rd1 Nc5 11. c4 d4 12. cxb5 d3 13. Qf1 Bxb3 14. axb3 axb5 15. Rxa8 Qxa8 16. Be3 0-0 17. Bxc5 Bxc5 18. Rxd3 Rd8 19. Nc3 b4 20. Na4 1/2-1/2

[Event "RC-2017-0-00211"]
[Site "LSS email"]
[Date "2017.09.05"]
[Round "?"]
[White "Brayman, Neal Zvi"]
[Black "Ederer, Karel"]
[Result "1/2-1/2"]
[WhiteElo "1769"]
[BlackElo "1871"]
[PlyCount "63"]
[EventDate "2017.04.29"]
[EventType "tourn (corr)"]
[EventRounds "6"]
[EventCountry "GER"]
[SourceTitle "Corr 2022"]
[Source "ChessBase"]
[SourceDate "2021.10.24"]
[SourceVersion "1"]
[SourceVersionDate "2021.10.24"]
[SourceQuality "1"]

1. e4 e5 2. Nf3 Nc6 3. Bb5 a6 4. Ba4 Nf6 5. 0-0 Be7 6. Re1 b5 7. Bb3 d6 8. c3 0-0 9. h3 Bb7 10. d4 Re8 11. Nbd2 Bf8 12. a4 h6 13. Bc2 exd4 14. cxd4 Nb4 15. Bb1 c5 16. d5 Nd7 17. Ra3 c4 18. Nd4 Qf6 19. N2f3 Nc5 20. axb5 axb5 21. Nxb5 Rxa3 22. Nxa3 Ba6 23. Re3 Rb8 24. e5 dxe5 25. Nxe5 Ncd3 26. Ng4 Qd4 27. Nc2 Nxc2 28. Bxc2 Bd6 29. b3 Qa1 30. bxc4 Bxc4 31. Bxd3 Bxd3 32. Nxh6+ 1/2-1/2

[Event "RC-2017-0-00211"]
[Site "LSS email"]
[Date "2017.09.05"]
[Round "?"]
[White "Correa de Almeida, Claudio"]
[Black "Brayman, Neal Zvi"]
[Result "1/2-1/2"]
[WhiteElo "1565"]
[BlackElo "1769"]
[PlyCount "62"]
[EventDate "2017.04.29"]
[EventType "tourn (corr)"]
[EventRounds "6"]
[EventCountry "GER"]
[SourceTitle "Corr 2022"]
[Source "ChessBase"]
[SourceDate "2021.10.24"]
[SourceVersion "1"]
[SourceVersionDate "2021.10.24"]
[SourceQuality "1"]

1. d4 e6 2. c4 Nf6 3. Nf3 d5 4. Nc3 Be7 5. Bf4 0-0 6. e3 c5 7. dxc5 Bxc5 8. Qc2 Nc6 9. a3 Qa5 10. 0-0-0 Be7 11. g4 dxc4 12. Bxc4 e5 13. g5 exf4 14. gxf6 Bxf6 15. Nd5 Bd8 16. Rhg1 fxe3 17. fxe3 g6 18. h4 Ne7 19. Nxe7+ Bxe7 20. Rxg6+ Kh8 21. Rd5 Qxd5 22. Qc3+ f6 23. Bxd5 hxg6 24. Qc7 Re8 25. Bf7 Bf5 26. Bxe8 Rc8 27. Qxc8 Bxc8 28. Bxg6 Kg7 29. Be4 f5 30. Bd5 b6 31. Kc2 Kh6 1/2-1/2

[Event "RC-2017-0-00210"]
[Site "LSS email"]
[Date "2017.08.02"]
[Round "?"]
[White "Turoczi, Peter"]
[Black "Brayman, Neal Zvi"]
[Result "1-0"]
[WhiteElo "1728"]
[BlackElo "1759"]
[PlyCount "51"]
[EventDate "2017.03.12"]
[EventType "tourn (corr)"]
[EventRounds "6"]
[EventCountry "GER"]
[SourceTitle "Corr 2022"]
[Source "ChessBase"]
[SourceDate "2021.10.24"]
[SourceVersion "1"]
[SourceVersionDate "2021.10.24"]
[SourceQuality "1"]

1. e4 e6 2. d4 d5 3. Nc3 Bb4 4. exd5 exd5 5. Bd3 Nf6 6. Nge2 0-0 7. 0-0 c6 8. a3 Bd6 9. Bf4 Na6 10. Bxa6 bxa6 11. Bxd6 Qxd6 12. Ng3 Rb8 13. Na4 g6 14. h3 h5 15. Re1 h4 16. Nf1 Bf5 17. Ne3 Qf4 18. Nc5 Rxb2 19. Qc1 Rb5 20. a4 Rbb8 21. Nxf5 Qxf5 22. Re5 Qc8 23. Qh6 Re8 24. Rae1 Qd8 25. Nxa6 Rb2 26. Nc5 1-0

[Event "RC-2017-0-00210"]
[Site "LSS email"]
[Date "2017.08.01"]
[Round "?"]
[White "Brayman, Neal Zvi"]
[Black "Stancl, Vladimir"]
[Result "1/2-1/2"]
[WhiteElo "1759"]
[BlackElo "1943"]
[PlyCount "60"]
[EventDate "2017.03.12"]
[EventType "tourn (corr)"]
[EventRounds "6"]
[EventCountry "GER"]
[SourceTitle "Corr 2022"]
[Source "ChessBase"]
[SourceDate "2021.10.24"]
[SourceVersion "1"]
[SourceVersionDate "2021.10.24"]
[SourceQuality "1"]

1. e4 c5 2. Nf3 Nc6 3. d4 cxd4 4. Nxd4 e5 5. Nb5 d6 6. N1c3 a6 7. Na3 Nf6 8. Bg5 b5 9. Bxf6 gxf6 10. Nd5 Bg7 11. c3 f5 12. exf5 Bxf5 13. Nc2 0-0 14. Nce3 Be6 15. Bd3 f5 16. 0-0 Kh8 17. Qh5 e4 18. Bc2 Ne7 19. Rad1 Nxd5 20. Nxd5 Be5 21. f4 Bg7 22. Rf2 Rb8 23. Qh3 Qd7 24. Bb3 b4 25. cxb4 Bxd5 26. Rxd5 Rxb4 27. Qe3 a5 28. Rfd2 a4 29. Rxd6 Qb5 30. Be6 Rxb2 1/2-1/2

[Event "RC-2017-0-00209"]
[Site "LSS email"]
[Date "2017.05.28"]
[Round "?"]
[White "Brayman, Neal Zvi"]
[Black "Csernus, Robert"]
[Result "1/2-1/2"]
[WhiteElo "1767"]
[BlackElo "1849"]
[PlyCount "45"]
[EventDate "2017.02.22"]
[EventType "tourn (corr)"]
[EventRounds "6"]
[EventCountry "GER"]
[SourceTitle "Corr 2022"]
[Source "ChessBase"]
[SourceDate "2021.10.24"]
[SourceVersion "1"]
[SourceVersionDate "2021.10.24"]
[SourceQuality "1"]

1. Nf3 c5 2. e4 Nc6 3. d4 cxd4 4. Nxd4 Nf6 5. Nc3 e5 6. Ndb5 d6 7. Bg5 a6 8. Na3 b5 9. Bxf6 gxf6 10. Nd5 f5 11. Bd3 Be6 12. 0-0 Bxd5 13. exd5 Ne7 14. Nxb5 Bg7 15. Nc3 e4 16. Bc4 Ng6 17. Qd2 0-0 18. Rab1 Re8 19. Rfe1 Qh4 20. Bf1 Ne5 21. Be2 Rab8 22. a3 Re7 23. Rf1 1/2-1/2

[Event "RC-2017-0-00209"]
[Site "LSS email"]
[Date "2017.05.28"]
[Round "?"]
[White "Kolanek, Sylwia"]
[Black "Brayman, Neal Zvi"]
[Result "1/2-1/2"]
[WhiteElo "1850"]
[BlackElo "1767"]
[PlyCount "43"]
[EventDate "2017.02.22"]
[EventType "tourn (corr)"]
[EventRounds "6"]
[EventCountry "GER"]
[SourceTitle "Corr 2022"]
[Source "ChessBase"]
[SourceDate "2021.10.24"]
[SourceVersion "1"]
[SourceVersionDate "2021.10.24"]
[SourceQuality "1"]

1. e4 e6 2. d4 d5 3. Nd2 Nf6 4. e5 Nfd7 5. Bd3 c5 6. c3 Nc6 7. Ne2 cxd4 8. cxd4 f6 9. Nf4 Nxd4 10. Qh5+ Ke7 11. exf6+ Nxf6 12. Ng6+ hxg6 13. Qxh8 Kf7 14. 0-0 e5 15. Nb3 Nxb3 16. axb3 Be6 17. Qh4 Qb6 18. Be3 Qxb3 19. Bb1 Bd6 20. Qg3 Bf5 21. Bxa7 Qb5 22. b4 1/2-1/2

[Event "RC-2017-0-00209"]
[Site "LSS email"]
[Date "2017.05.28"]
[Round "?"]
[White "Laffont, Jose Eduardo Alfred"]
[Black "Brayman, Neal Zvi"]
[Result "1-0"]
[WhiteElo "1836"]
[BlackElo "1767"]
[PlyCount "61"]
[EventDate "2017.02.22"]
[EventType "tourn (corr)"]
[EventRounds "6"]
[EventCountry "GER"]
[SourceTitle "Corr 2022"]
[Source "ChessBase"]
[SourceDate "2021.10.24"]
[SourceVersion "1"]
[SourceVersionDate "2021.10.24"]
[SourceQuality "1"]

1. Nf3 g6 2. g3 Bg7 3. Bg2 d6 4. 0-0 c5 5. d4 Na6 6. c4 Nf6 7. Nc3 0-0 8. h3 Bd7 9. b3 Qc8 10. Kh2 Nb4 11. e4 cxd4 12. Nxd4 Nc6 13. Be3 Qd8 14. Qd2 Qa5 15. Nxc6 Bxc6 16. Nd5 Qd8 17. Rfd1 Rc8 18. Rac1 b6 19. Bg5 Nxd5 20. cxd5 Bd7 21. Rxc8 Bxc8 22. Rc1 Bd7 23. Qc2 h6 24. Be3 Qa8 25. Qc7 Rd8 26. Bf1 Kf8 27. Ba6 Ke8 28. a4 h5 29. b4 Be5 30. a5 Qb8 31. b5 1-0

[Event "RC-2017-0-00209"]
[Site "LSS email"]
[Date "2017.05.26"]
[Round "?"]
[White "Brayman, Neal Zvi"]
[Black "Plutarco, Fosca"]
[Result "0-1"]
[WhiteElo "1767"]
[BlackElo "1677"]
[PlyCount "58"]
[EventDate "2017.02.22"]
[EventType "tourn (corr)"]
[EventRounds "6"]
[EventCountry "GER"]
[SourceTitle "Corr 2022"]
[Source "ChessBase"]
[SourceDate "2021.10.24"]
[SourceVersion "1"]
[SourceVersionDate "2021.10.24"]
[SourceQuality "1"]

1. Nf3 Nf6 2. g3 g6 3. Bg2 Bg7 4. 0-0 0-0 5. d3 d5 6. Nbd2 c5 7. e4 Nc6 8. Re1 d4 9. a4 e5 10. Nc4 Ne8 11. b3 f6 12. Ba3 b6 13. Nfd2 Be6 14. h4 Qd7 15. Qe2 Nb4 16. Qd1 Rd8 17. h5 g5 18. Bf3 g4 19. Bg2 Bh6 20. f3 Kh8 21. Bxb4 cxb4 22. fxg4 Bxg4 23. Bf3 Be6 24. Kh2 Rg8 25. Qe2 Rg5 26. Rh1 Rc8 27. Rac1 Nc7 28. Nf1 Rf8 29. Ra1 f5 0-1

[Event "RC-2017-0-00209"]
[Site "LSS email"]
[Date "2017.05.25"]
[Round "?"]
[White "Brayman, Neal Zvi"]
[Black "Buchaillot, Luis"]
[Result "1/2-1/2"]
[WhiteElo "1767"]
[BlackElo "1696"]
[PlyCount "31"]
[EventDate "2017.02.22"]
[EventType "tourn (corr)"]
[EventRounds "6"]
[EventCountry "GER"]
[SourceTitle "Corr 2022"]
[Source "ChessBase"]
[SourceDate "2021.10.24"]
[SourceVersion "1"]
[SourceVersionDate "2021.10.24"]
[SourceQuality "1"]

1. Nf3 Nf6 2. g3 b6 3. Bg2 Bb7 4. 0-0 e6 5. d3 Be7 6. e4 d6 7. Nc3 0-0 8. Re1 c5 9. e5 dxe5 10. Nxe5 Qc8 11. Bf4 Nc6 12. Qf3 Na5 13. Qe2 Bxg2 14. Kxg2 Nd7 15. Nf3 Nc6 16. Qe3 1/2-1/2

[Event "RC-2017-0-00208"]
[Site "LSS email"]
[Date "2017.05.09"]
[Round "?"]
[White "Ederer, Karel"]
[Black "Brayman, Neal Zvi"]
[Result "1-0"]
[WhiteElo "1949"]
[BlackElo "1757"]
[PlyCount "67"]
[EventDate "2017.01.18"]
[EventType "tourn (corr)"]
[EventRounds "6"]
[EventCountry "GER"]
[SourceTitle "Corr 2022"]
[Source "ChessBase"]
[SourceDate "2021.10.24"]
[SourceVersion "1"]
[SourceVersionDate "2021.10.24"]
[SourceQuality "1"]

1. e4 g6 2. d4 Bg7 3. Nc3 d6 4. Be3 c6 5. Qd2 b5 6. 0-0-0 b4 7. Nce2 Nf6 8. Ng3 Qa5 9. Kb1 Be6 10. b3 c5 11. d5 Bc8 12. Bh6 Bxh6 13. Qxh6 Nbd7 14. Nf3 Nb6 15. Ng5 c4 16. Qg7 Rf8 17. Nxh7 Nxh7 18. Qxh7 Ba6 19. h4 Rc8 20. Qg7 Nd7 21. Qb2 Rg8 22. Ne2 Nc5 23. f3 c3 24. Qc1 Bxe2 25. Bxe2 Kd7 26. g4 Kc7 27. Rd4 Rh8 28. a3 Rb8 29. h5 bxa3 30. Ka2 gxh5 31. gxh5 Rhg8 32. Rc4 Rg2 33. Qe3 Kd7 34. h6 1-0

[Event "RC-2017-0-00204"]
[Site "LSS email"]
[Date "2017.01.19"]
[Round "?"]
[White "Hlavacek, Ladislav"]
[Black "Brayman, Neal Zvi"]
[Result "1/2-1/2"]
[WhiteElo "1921"]
[BlackElo "1760"]
[PlyCount "44"]
[EventDate "2016.12.09"]
[EventType "tourn (corr)"]
[EventRounds "6"]
[EventCountry "GER"]
[SourceTitle "Corr 2022"]
[Source "ChessBase"]
[SourceDate "2021.10.24"]
[SourceVersion "1"]
[SourceVersionDate "2021.10.24"]
[SourceQuality "1"]

1. Nf3 d5 2. d4 Nf6 3. c4 e6 4. Nc3 Be7 5. Bg5 0-0 6. e3 h6 7. Bh4 Ne4 8. Bxe7 Qxe7 9. Rc1 Nxc3 10. Rxc3 c6 11. Qc2 Nd7 12. h3 e5 13. cxd5 cxd5 14. Qb3 e4 15. Nd2 Nb6 16. Be2 Bd7 17. 0-0 Rac8 18. Nb1 Qg5 19. Kh2 Qf6 20. Rxc8 Qd6+ 21. Kg1 Rxc8 22. Nc3 Qg6 1/2-1/2